000 00455nam a2200181Ia 4500
001 16576
005 20260306170319.0
008 260306t2016||||xx |||||||||||||| ||und||
041 _aESP
082 _a348.7
_bF62
100 _aFlores Gallegos, Jorge
_eAUT
245 0 _aVacaciones y utilidades:
_banálisis laboral y tributario
260 _c2016
300 _a46 páginas :
_c24 cm.
650 _aGEN
654 _aCDE
942 _cLIB
_dJUS
_fJUS
_2ddc
_n
999 _c16576
_d16576